000 00394nam a2200145Ia 4500
008 210716s2015 xx 000 0 und d
020 _a9789352131686
041 _aeng
082 _a004.607 PEHA
100 _aPehlivanian, Ara; Nguyen, Don.
245 _aJump start javascript.
250 _a1
260 _aNew Delhi
_bShroff Publishers and Distributors Pvt Ltd
_c2015
300 _axvi,167
999 _c195063
_d195063